[Event "XV Carlos Torre"]
[Site "Merida MEX"]
[Date "2002.12.13"]
[Round "1"]
[White "Pigusov,E"]
[Black "Gongora Montes,B"]
[Result "1/2-1/2"]
[WhiteElo "2622"]
[BlackElo "2269"]
[EventDate "2002.12.13"]

1. Nf3 Nf6 2. c4 d5 3. cxd5 Nxd5 4. Nc3 c5 5. g3 Nc6 6. Bg2 e6 7. O-O Be7
8. Nxd5 exd5 9. d4 cxd4 10. Nxd4 O-O 11. Nxc6 bxc6 12. Be3 Bf6 13. Bd4 Bxd4
14. Qxd4 Qb6 15. Rfd1 Be6 16. e3 Rfb8 17. b3 a5 18. h4 Qxd4 19. Rxd4 Rb4
20. Rc1 Rxd4 21. exd4 Bd7 22. Rc5 Kf8 23. Kf1 Ke7 24. Ke2 Kd6 25. Kd2 Be6
26. f4 h5 27. Bf1 Bd7 28. Be2 g6 29. Bd3 Bf5 30. Bf1 Bd7 31. Rc3 Re8 32.
Re3 Rxe3 33. Kxe3 f5 34. Kd2 Kc7 35. Kc3 Kb6 36. b4 Be8 37. Kb3 Bd7 38. a3
Be8 39. Be2 Bd7 40. Bf3 Be8 41. Ka4 c5+ 42. Kb3 axb4 43. axb4 c4+ 44. Kc3
Bf7 45. Kb2 Be6 46. Ka3 Bf7 47. Bd1 Be8 48. Bc2 Bd7 49. Kb2 Kb5 50. Ka3 Kb6
51. Kb2 Kb5 52. Ka3 Kb6 1/2-1/2

[Event "XV Carlos Torre"]
[Site "Merida MEX"]
[Date "2002.12.13"]
[Round "1"]
[White "Filippov,Va"]
[Black "Vega,J"]
[Result "1-0"]
[WhiteElo "2615"]
[BlackElo "2253"]
[EventDate "2002.12.13"]

1. Nf3 Nf6 2. c4 e6 3. g3 d5 4. d4 Nbd7 5. Bg2 Be7 6. O-O c6 7. Qc2 Ne4 8.
Nfd2 Nxd2 9. Nxd2 Nf6 10. Rd1 O-O 11. e4 dxe4 12. Nxe4 Bd7 13. Bf4 Nxe4 14.
Bxe4 h6 15. d5 Qb6 16. d6 Bf6 17. c5 Qd8 18. Rab1 Re8 19. b4 Qc8 20. a4 a6
21. Be3 Be5 22. f4 Bf6 23. Qd3 Rf8 24. Bd4 Bxd4+ 25. Qxd4 Qd8 26. b5 axb5
27. axb5 Ra7 28. Ra1 Ra5 29. b6 Rxa1 30. Rxa1 Qf6 31. Qxf6 gxf6 32. Kf2 Rb8
33. g4 1-0

[Event "XV Carlos Torre"]
[Site "Merida MEX"]
[Date "2002.12.13"]
[Round "1"]
[White "Garcia Correa,J"]
[Black "Gulko,B"]
[Result "0-1"]
[WhiteElo "2222"]
[BlackElo "2594"]
[EventDate "2002.12.13"]

1. e4 c5 2. Nf3 Nc6 3. Nc3 d6 4. d4 cxd4 5. Nxd4 Nf6 6. Bc4 Qb6 7. Nde2 e6
8. Bb3 Be7 9. Be3 Qc7 10. Ng3 a6 11. f4 b5 12. Qe2 Na5 13. O-O-O Nxb3+ 14.
axb3 O-O 15. Bd4 e5 16. fxe5 dxe5 17. Be3 Bg4 18. Qf2 Bxd1 19. Rxd1 b4 20.
Bb6 Qb7 21. Nd5 Nxd5 22. Rxd5 g6 23. Rxe5 Bd6 24. Rd5 Bxg3 25. hxg3 Rfe8
26. Qd4 Qe7 27. e5 Qg5+ 28. Kb1 Qxg3 29. Qe4 h5 30. Qxb4 Qxg2 31. Rd7 Rxe5
32. Bd4 0-1

[Event "XV Carlos Torre"]
[Site "Merida MEX"]
[Date "2002.12.13"]
[Round "1"]
[White "Culbeaux,T"]
[Black "Hernandez,Gi"]
[Result "0-1"]
[WhiteElo "2207"]
[BlackElo "2546"]
[EventDate "2002.12.13"]

1. e4 c5 2. Nc3 Nc6 3. g3 g6 4. Bg2 Bg7 5. d3 d6 6. Be3 Rb8 7. Qd2 b5 8.
Nge2 Nd4 9. h3 b4 10. Nd1 a5 11. f4 a4 12. O-O e6 13. Rb1 Ne7 14. Nf2 O-O
15. g4 f5 16. Ng3 Bd7 17. Kh2 Qc7 18. exf5 exf5 19. c3 bxc3 20. bxc3 Nb5
21. d4 Bc6 22. dxc5 Bxg2 23. cxd6 Nxd6 24. Kxg2 Nc4 25. Qd3 Rbd8 26. Bd4
Nd5 27. Kh2 Nxf4 28. Rb7 Qxb7 29. Qxc4+ Qd5 30. Qxd5+ Nxd5 31. gxf5 Bxd4
32. cxd4 Ne3 0-1

[Event "XV Carlos Torre"]
[Site "Merida MEX"]
[Date "2002.12.13"]
[Round "1"]
[White "Lalic,B"]
[Black "Alayola,J"]
[Result "1-0"]
[WhiteElo "2542"]
[BlackElo "2205"]
[EventDate "2002.12.13"]

1. c4 Nf6 2. Nc3 c5 3. g3 g6 4. Nf3 Bg7 5. d4 cxd4 6. Nxd4 O-O 7. Bg2 Nc6
8. O-O Nxd4 9. Qxd4 d6 10. Qd3 Rb8 11. Be3 b6 12. Bd4 Bb7 13. e4 Qd7 14.
Rad1 Rfd8 15. Rfe1 Bc6 16. Qe2 Qb7 17. Nd5 Ne8 18. Bxg7 Kxg7 19. Qe3 Bxd5
20. exd5 Rd7 21. Qd4+ Kg8 22. Re3 Ng7 23. Bh3 Rc7 24. Rde1 Re8 25. a4 Qa6
26. b3 Qb7 27. Qf4 Nh5 28. Qh6 Nf6 29. g4 Kh8 30. g5 Ng8 31. Qh4 Kg7 32.
Qd4+ f6 33. Be6 Rf8 34. Rh3 h5 35. Rhe3 Kh7 36. Bxg8+ Kxg8 37. Re6 Kg7 38.
gxf6+ Rxf6 39. Rxf6 exf6 40. Re6 Rf7 41. Rxd6 Qe7 42. Re6 Qa3 43. Qc3 Qa2
44. Kg2 Qb1 45. h3 Qf5 46. Qe3 g5 47. d6 g4 48. hxg4 hxg4 49. b4 Kg6 50.
Qe4 a5 51. bxa5 bxa5 52. c5 Kg5 53. Qxf5+ Kxf5 54. Re7 1-0

[Event "XV Carlos Torre"]
[Site "Merida MEX"]
[Date "2002.12.13"]
[Round "1"]
[White "Alford,J"]
[Black "Kogan,Ar"]
[Result "1/2-1/2"]
[WhiteElo "2183"]
[BlackElo "2529"]
[EventDate "2002.12.13"]

1. e4 c5 2. Nf3 e6 3. d3 b5 4. g3 Bb7 5. Bg2 Nc6 6. O-O Be7 7. Be3 Nf6 8.
Nbd2 Ng4 9. Bf4 g5 10. Nxg5 h5 11. Ngf3 e5 12. Be3 h4 13. Nxh4 Nxe3 14.
fxe3 Bxh4 15. Qf3 Rh7 16. Qf5 Rg7 17. gxh4 Qxh4 18. Qf6 Qxf6 19. Rxf6 Nb4
20. Rf2 Nxc2 21. Rc1 Nb4 22. Rc3 d6 23. a3 Nc6 24. Kf1 Na5 25. Bh3 Ba6 26.
Rc1 Nc6 27. Bf5 Rb8 28. h4 Ne7 29. h5 Rg5 30. Rh2 Nxf5 31. exf5 Rxf5+ 32.
Ke2 Ke7 33. Rg1 Rh8 34. h6 Rf6 35. h7 Rg6 36. Rgh1 Bc8 37. Ne4 Bb7 38. Rf1
c4 39. Nc3 Rg2+ 40. Rxg2 Bxg2 41. Rf2 Bc6 42. Rh2 f6 43. d4 Kf7 44. d5 Bd7
45. Ne4 Kg7 46. Rg2+ Kf7 47. Rh2 Ke7 48. Rh6 b4 49. axb4 Bf5 50. Nc3 Bxh7
51. Kd2 Kf7 52. Na4 Kg7 53. Rh4 f5 54. Rxc4 Bg8 55. Rc7+ Kf6 56. Rxa7 Rh2+
57. Kc3 Rh3 58. b5 Rxe3+ 59. Kd2 Rb3 60. b6 e4 61. Kc2 Rb5 62. b7 Ke5 63.
Nc3 Rb6 64. Na4 Rb5 1/2-1/2

[Event "XV Carlos Torre"]
[Site "Merida MEX"]
[Date "2002.12.13"]
[Round "1"]
[White "Mitkov,N"]
[Black "Schaffenburg Ruiz,F"]
[Result "1-0"]
[WhiteElo "2529"]
[BlackElo "2163"]
[EventDate "2002.12.13"]

1. e4 e6 2. d4 d5 3. Nc3 Nf6 4. e5 Nfd7 5. f4 c5 6. Nf3 Nc6 7. Be3 Qb6 8.
Be2 a6 9. Na4 Qa5+ 10. c3 cxd4 11. b4 Nxb4 12. cxb4 Bxb4+ 13. Bd2 Bxd2+ 14.
Nxd2 b5 15. Nb2 Nc5 16. O-O Qc3 17. Rc1 Qxb2 18. Rxc5 d3 19. Qc1 Qxc1 20.
Rfxc1 dxe2 21. Rxc8+ Rxc8 22. Rxc8+ Kd7 23. Rc1 Rc8 24. Re1 Rc2 25. Nf3 d4
26. Kf2 d3 27. Ke3 d2 28. Nxd2 Rxa2 29. Rc1 Rc2 30. Rb1 f6 31. exf6 gxf6
32. Kxe2 Ke7 33. Kd3 Rc6 34. Nb3 Rc4 35. g3 e5 36. fxe5 fxe5 37. Nd2 Rd4+
38. Ke3 Ke6 39. Rc1 Kf5 40. Rc7 h5 41. Rh7 h4 42. Rh5+ Kf6 43. Nf3 Ra4 44.
Rh6+ Kg7 45. Rxh4 Rxh4 46. Nxh4 a5 47. Nf3 Kf6 48. Nd2 a4 49. h4 b4 50. h5
Kg5 51. g4 b3 52. Nb1 1-0

[Event "XV Carlos Torre"]
[Site "Merida MEX"]
[Date "2002.12.13"]
[Round "1"]
[White "Guerrero,Ale"]
[Black "Gonzalez,JC"]
[Result "0-1"]
[WhiteElo "2020"]
[BlackElo "2517"]
[EventDate "2002.12.13"]

1. e4 c5 2. Nf3 Nc6 3. d4 cxd4 4. Nxd4 Nf6 5. Nc3 d6 6. Be2 e5 7. Nb3 Be7
8. O-O O-O 9. f4 a5 10. a4 Nb4 11. Be3 Be6 12. Bf3 exf4 13. Bxf4 Nxc2 14.
Qxc2 Qb6+ 15. Qf2 Qxb3 16. Rfd1 Rfd8 17. Nb5 d5 18. Bc7 Rd7 19. exd5 Bxd5
20. Bxd5 Rxd5 21. Rxd5 Qxd5 22. Bb6 Rc8 23. Nc3 Qc6 24. Rd1 h5 25. Bd4 Rd8
26. Kh1 Ng4 27. Qe2 Qc7 28. g3 Qc6+ 29. Qg2 Qc4 30. Qg1 Bb4 31. h3 Bxc3 32.
bxc3 Qc6+ 33. Qg2 Nf2+ 0-1

[Event "XV Carlos Torre"]
[Site "Merida MEX"]
[Date "2002.12.13"]
[Round "1"]
[White "Georgiev,Vl"]
[Black "Lopez,Man MEX"]
[Result "1-0"]
[WhiteElo "2501"]
[BlackElo "2105"]
[EventDate "2002.12.13"]

1. c4 f5 2. Nf3 Nf6 3. g3 d6 4. Bg2 e6 5. O-O Be7 6. Nc3 O-O 7. d4 Qe8 8.
Qd3 Nc6 9. e4 fxe4 10. Nxe4 Nxe4 11. Qxe4 Bf6 12. Bf4 Nxd4 13. Nxd4 e5 14.
Nb5 exf4 15. Qxe8 Rxe8 16. Nxc7 Bd7 17. Nxa8 Rxa8 18. Bxb7 Rb8 19. Bd5+ Kf8
20. gxf4 Rxb2 21. Rab1 1-0

[Event "XV Carlos Torre"]
[Site "Merida MEX"]
[Date "2002.12.13"]
[Round "1"]
[White "Baldursson,Hr"]
[Black "Lobron,E"]
[Result "0-1"]
[WhiteElo "2100"]
[BlackElo "2500"]
[EventDate "2002.12.13"]

1. e4 c5 2. Nf3 Nc6 3. d4 cxd4 4. c3 dxc3 5. Nxc3 d6 6. Bc4 Nf6 7. O-O a6
8. h3 e6 9. Qe2 Be7 10. Rd1 Qc7 11. Bf4 Ne5 12. Bb3 O-O 13. Rac1 Qb8 14.
Nd4 b5 15. Bg3 Bb7 16. f4 Nc4 17. a3 Re8 18. Nf3 g6 19. Kh1 Bf8 20. Bxc4
bxc4 21. Qxc4 d5 22. exd5 Nxd5 23. Nxd5 Bxd5 24. Rxd5 exd5 25. Qxd5 Qb5 26.
Qa2 Rac8 27. Rxc8 Rxc8 28. Ne5 Qb7 29. b4 Bg7 30. Qe2 Rc3 31. Kh2 Rxa3 32.
Nc4 Rc3 33. Nd6 Qd7 34. f5 Rxg3 0-1

[Event "XV Carlos Torre"]
[Site "Merida MEX"]
[Date "2002.12.13"]
[Round "1"]
[White "Tyomkin,D"]
[Black "Hidalgo,M"]
[Result "1-0"]
[WhiteElo "2492"]
[BlackElo "2079"]
[EventDate "2002.12.13"]

1. e4 c5 2. Nf3 Nc6 3. Nc3 d6 4. Bb5 a6 5. Bxc6+ bxc6 6. d4 cxd4 7. Qxd4 c5
8. Qd3 g6 9. O-O Bg7 10. Bg5 Nf6 11. Rad1 O-O 12. e5 Ne8 13. Nd5 f6 14.
exf6 Nxf6 15. Nxf6+ 1-0

[Event "XV Carlos Torre"]
[Site "Merida MEX"]
[Date "2002.12.13"]
[Round "1"]
[White "Tey,J"]
[Black "Ramirez,Al"]
[Result "0-1"]
[WhiteElo "2085"]
[BlackElo "2421"]
[EventDate "2002.12.13"]

1. d4 Nf6 2. c4 c5 3. d5 b5 4. Nc3 b4 5. Nb1 g6 6. Nd2 Bg7 7. e4 d6 8. Bd3
O-O 9. Ne2 e5 10. f3 Nh5 11. Nf1 f5 12. exf5 gxf5 13. Qc2 a5 14. Nfg3 Qh4
15. O-O Nxg3 16. Nxg3 Qf6 17. Bd2 Bh8 18. Kh1 Ra7 19. a3 Na6 20. axb4 axb4
21. b3 Qg6 22. Ra2 h5 23. Ne2 Re7 24. g4 hxg4 25. Ng3 gxf3 26. Rxa6 Bxa6
27. Bxf5 Qe8 28. Be6+ Rxe6 29. dxe6 Qxe6 30. Qe4 Rb8 31. Nf5 Bb7 32. Qg4+
Kf8 33. h4 Rd8 34. Qh5 Bg7 35. Bg5 Rd7 36. Kh2 Be4 37. Nxg7 Kxg7 38. Rg1
Bg6 39. Bh6+ Kh7 40. Qg5 0-1

[Event "XV Carlos Torre"]
[Site "Merida MEX"]
[Date "2002.12.13"]
[Round "1"]
[White "Espinosa,Ra MEX"]
[Black "Rosas Garcia,C"]
[Result "1-0"]
[WhiteElo "2414"]
[BlackElo "2002"]
[EventDate "2002.12.13"]

1. e4 c5 2. c3 e5 3. Nf3 d6 4. d4 cxd4 5. cxd4 exd4 6. Nxd4 Nf6 7. Nc3 a6
8. Be2 Nc6 9. O-O Be7 10. Bf4 O-O 11. Rc1 Bd7 12. Nxc6 Bxc6 13. Bf3 Re8 14.
Qd4 Qd7 15. Rfd1 Red8 16. h3 h6 17. Ne2 Qe6 18. Ng3 g6 19. Rd3 1-0

[Event "XV Carlos Torre"]
[Site "Merida MEX"]
[Date "2002.12.13"]
[Round "1"]
[White "Hernandez,Je"]
[Black "Russek,G"]
[Result "0-1"]
[WhiteElo "2272"]
[BlackElo "2371"]
[EventDate "2002.12.13"]

1. e4 e6 2. d4 d5 3. Nd2 Nf6 4. e5 Nfd7 5. Qg4 c5 6. c3 Nc6 7. Nb3 cxd4 8.
cxd4 f5 9. Qf4 Nb4 10. Qd2 Qb6 11. Qd1 Qc6 12. Bd3 a5 13. a4 Nxd3+ 14. Qxd3
b6 15. Be3 Ba6 16. Qc3 Bb4 0-1

[Event "XV Carlos Torre"]
[Site "Merida MEX"]
[Date "2002.12.13"]
[Round "1"]
[White "Gutierrez,Re"]
[Black "Huerta,R"]
[Result "0-1"]
[WhiteElo "2233"]
[BlackElo "2288"]
[EventDate "2002.12.13"]

1. d4 c5 2. Nf3 cxd4 3. Nxd4 d5 4. Nb3 Nc6 5. Nc3 d4 6. Ne4 Bf5 7. Ng3 Bg6
8. Bf4 e5 9. Bd2 Nf6 10. c3 Be7 11. e3 d3 12. f3 e4 13. fxe4 Nxe4 14. Nxe4
Bxe4 15. Qg4 Bh4+ 16. Kd1 Bg6 17. g3 Qd5 18. Rg1 Bh5 0-1

[Event "XV Carlos Torre"]
[Site "Merida MEX"]
[Date "2002.12.13"]
[Round "1"]
[White "Peric,Sl"]
[Black "Hernandez,C"]
[Result "1-0"]
[WhiteElo "2282"]
[BlackElo "2210"]
[EventDate "2002.12.13"]

1. d4 Nf6 2. Nf3 d6 3. g3 g6 4. Bg2 Bg7 5. O-O O-O 6. a4 Re8 7. Nc3 Nbd7 8.
a5 a6 9. e4 e5 10. h3 exd4 11. Nxd4 Nc5 12. Re1 Rb8 13. b4 Ne6 14. Nb3 Nf8
15. Be3 Be6 16. Nd4 Qd7 17. Kh2 Rbd8 18. Nd5 Bxd5 19. exd5 Ne4 20. Qd3 Nf6
21. c4 Rc8 22. b5 axb5 23. cxb5 h5 24. a6 Rb8 25. Rec1 N6h7 26. Ra2 Be5 27.
Rac2 Rec8 28. f4 Bg7 29. Nb3 Nf6 30. axb7 Rxb7 31. b6 Ne8 32. Na5 Rbb8 33.
b7 Rd8 34. Ba7 Rxb7 35. Nxb7 Qa4 36. Be3 Rb8 37. Rb1 Qa8 38. Qb5 Nh7 39.
Rc6 Nhf6 40. Ra6 1-0

[Event "XV Carlos Torre"]
[Site "Merida MEX"]
[Date "2002.12.13"]
[Round "1"]
[White "Valverde,R"]
[Black "Baltazar,R"]
[Result "0-1"]
[WhiteElo "2216"]
[BlackElo "2278"]
[EventDate "2002.12.13"]

1. e4 c5 2. Nc3 d6 3. Nf3 e5 4. Bc4 Be7 5. d3 Nf6 6. h3 Nc6 7. O-O O-O 8.
Bg5 a6 9. Bxf6 Bxf6 10. a4 g6 11. Nd5 Bg7 12. c3 Rb8 13. Nd2 Kh8 14. f4
exf4 15. Rxf4 Ne5 16. Qe2 b5 17. axb5 axb5 18. Bb3 Be6 19. Rff1 c4 20. Bc2
cxd3 21. Bxd3 h6 22. Kh1 Nxd3 23. Qxd3 Be5 24. Rf2 Bg7 25. Nb3 Qg5 26. Na5
Rfc8 27. Nf4 Be5 28. Nxe6 fxe6 29. Rf3 Kg8 30. Nb3 Rc4 31. Rf2 h5 32. Nd2
Rcc8 33. Nf1 b4 34. Qa6 bxc3 35. bxc3 Rc7 36. Qa2 Re7 37. g3 0-1

[Event "XV Carlos Torre"]
[Site "Merida MEX"]
[Date "2002.12.14"]
[Round "2"]
[White "Garcia,Gild"]
[Black "Filippov,Va"]
[Result "0-1"]
[WhiteElo "2480"]
[BlackElo "2615"]
[EventDate "2002.12.13"]

1. e4 c5 2. Nf3 e6 3. d3 Nc6 4. g3 Nge7 5. Bg2 g6 6. O-O Bg7 7. Re1 O-O 8.
c3 e5 9. a3 d6 10. b4 b6 11. b5 Na5 12. Nbd2 Be6 13. a4 h6 14. d4 exd4 15.
cxd4 Rc8 16. Bb2 c4 17. Rc1 d5 18. Bc3 dxe4 19. Nxe4 Nb3 20. Rc2 Nd5 21.
Bb2 Nb4 22. Rc3 Nxd4 23. Qb1 Nd3 24. Rxd3 cxd3 25. Bxd4 Bxd4 26. Qxd3 Bg7
27. Nd6 Rc3 28. Qd2 Qc7 29. Ne4 Rd8 30. Qf4 Qxf4 31. gxf4 Rcd3 32. Bf1 0-1

[Event "XV Carlos Torre"]
[Site "Merida MEX"]
[Date "2002.12.14"]
[Round "2"]
[White "Gonzalez Garcia,J"]
[Black "Dominguez,L"]
[Result "0-1"]
[WhiteElo "2416"]
[BlackElo "2608"]
[EventDate "2002.12.13"]

1. e4 c5 2. Nf3 d6 3. d4 cxd4 4. Nxd4 Nf6 5. Nc3 a6 6. Be3 e6 7. f3 b5 8.
Qd2 Nbd7 9. O-O-O Bb7 10. g4 Nb6 11. Qf2 Nfd7 12. Bd3 Rc8 13. Nce2 Qc7 14.
Kb1 d5 15. Ng3 Nc4 16. Bxc4 bxc4 17. f4 Be7 18. Nh5 O-O 19. e5 g6 20. Ng3
Nc5 21. h4 Na4 22. c3 Rb8 23. Ka1 Ba8 24. Bc1 Qa5 25. Qc2 Rb6 26. h5 g5 27.
fxg5 Rfb8 28. g6 Nxc3 29. gxf7+ Kxf7 0-1

[Event "XV Carlos Torre"]
[Site "Merida MEX"]
[Date "2002.12.14"]
[Round "2"]
[White "Gulko,B"]
[Black "Szekely,P"]
[Result "1/2-1/2"]
[WhiteElo "2594"]
[BlackElo "2417"]
[EventDate "2002.12.13"]

1. c4 g6 2. e4 c5 3. Nf3 Bg7 4. d4 Qa5+ 5. Nc3 Nf6 6. Bd3 cxd4 7. Nxd4 Nc6
8. Nb3 Qd8 9. O-O O-O 10. Be3 d6 11. h3 b6 12. Rc1 Bb7 13. f4 Rc8 14. Qe2
e6 15. Rfd1 Qe7 16. Nb1 Rfd8 17. Qf2 Ne8 18. N3d2 Ba6 19. b3 Rd7 20. Nf3
Bb7 21. f5 Ne5 22. Nxe5 Bxe5 23. Bd4 Bxd4 24. Qxd4 Rc5 25. Bf1 Re5 26. fxe6
Rxe6 27. Qf2 1/2-1/2

[Event "XV Carlos Torre"]
[Site "Merida MEX"]
[Date "2002.12.14"]
[Round "2"]
[White "Hernandez,Gi"]
[Black "Espinosa,Ra MEX"]
[Result "0-1"]
[WhiteElo "2546"]
[BlackElo "2414"]
[EventDate "2002.12.13"]

1. e4 c5 2. Nf3 Nc6 3. Bb5 g6 4. Bxc6 dxc6 5. d3 Bg7 6. h3 e5 7. Nc3 Qe7 8.
Be3 Nf6 9. Qd2 Nd7 10. O-O Nf8 11. a3 Ne6 12. Na4 Nd4 13. Nh2 O-O 14. b4 b6
15. Kh1 cxb4 16. axb4 Be6 17. Rab1 f5 18. exf5 Nxf5 19. Bg5 Qd7 20. Qd1 h6
21. Bd2 c5 22. Nc3 c4 23. dxc4 Bxc4 24. Re1 Rad8 25. Qg4 Be6 26. Bc1 Kh7
27. Rd1 Qxd1+ 28. Qxd1 Rxd1+ 29. Nxd1 e4 30. Bb2 Nd4 31. Ra1 Rf7 32. c3 Nb5
33. Rb1 Nd6 34. Rc1 Nc4 35. Ba1 h5 36. Nf1 Bh6 37. Rb1 Rd7 38. Nde3 Nxe3
39. Nxe3 Rd2 40. Kg1 Ba2 41. Re1 Bb3 42. c4 Bf8 43. Nd5 Bxc4 44. Nf6+ Kh6
45. Rxe4 Bxb4 46. Rxc4 Rd1+ 47. Kh2 Bd6+ 48. f4 Rxa1 49. h4 Rd1 50. g3 Bc5
0-1

[Event "XV Carlos Torre"]
[Site "Merida MEX"]
[Date "2002.12.14"]
[Round "2"]
[White "Martin del Campo,J"]
[Black "Lalic,B"]
[Result "0-1"]
[WhiteElo "2346"]
[BlackElo "2542"]
[EventDate "2002.12.13"]

1. d4 Nf6 2. c4 e6 3. Nf3 b6 4. g3 Ba6 5. b3 d5 6. Bg2 dxc4 7. Ne5 Bb4+ 8.
Kf1 Bd6 9. Nxc4 Nd5 10. Bf3 f5 11. h4 Nc6 12. Kg2 Qd7 13. Bb2 Nce7 14. Nbd2
O-O 15. e4 fxe4 16. Nxe4 Bb7 17. Re1 Nf5 18. Ne5 Bxe5 19. dxe5 Rad8 20. a3
Qf7 21. Nd2 Nde3+ 0-1

[Event "XV Carlos Torre"]
[Site "Merida MEX"]
[Date "2002.12.14"]
[Round "2"]
[White "Huerta,R"]
[Black "Mitkov,N"]
[Result "0-1"]
[WhiteElo "2288"]
[BlackElo "2529"]
[EventDate "2002.12.13"]

1. d4 Nf6 2. c3 d5 3. Bg5 Ne4 4. Bf4 c5 5. e3 Qb6 6. Qb3 c4 7. Qxb6 axb6 8.
f3 Nf6 9. e4 e6 10. Nd2 b5 11. Bxb8 Rxb8 12. a3 Ra8 13. e5 Ng8 14. Rc1 f6
15. f4 g5 16. fxg5 fxg5 17. Be2 h5 18. Nh3 g4 19. Nf4 Ne7 20. Bd1 Bh6 21.
Rf1 Rf8 22. g3 Bxf4 23. Rxf4 Rxf4 24. gxf4 Ng6 25. Kf2 Nxf4 26. Kg3 Nd3 27.
Rb1 b4 28. cxb4 Bd7 29. Kh4 Ke7 30. Kxh5 Rh8+ 31. Kxg4 Rxh2 32. Nf3 Rg2+
33. Kh3 Nf4+ 34. Kh4 Be8 35. Ne1 Rg1 36. Bf3 Nd3 0-1

[Event "XV Carlos Torre"]
[Site "Merida MEX"]
[Date "2002.12.14"]
[Round "2"]
[White "Gonzalez,JC"]
[Black "Estrada Nieto,J"]
[Result "1-0"]
[WhiteElo "2517"]
[BlackElo "2345"]
[EventDate "2002.12.13"]

1. c4 e5 2. Nc3 Bb4 3. Nf3 Bxc3 4. bxc3 d6 5. g3 Nc6 6. Bg2 f5 7. O-O Nf6
8. d3 O-O 9. Rb1 Qe8 10. Nd2 Rb8 11. e4 fxe4 12. Nxe4 Nxe4 13. Bxe4 Bf5 14.
Re1 Qg6 15. Rb2 Nd8 16. c5 Bxe4 17. dxe4 Nf7 18. Qd5 c6 19. Qc4 dxc5 20.
Qxc5 b6 21. Qe7 Nd6 22. Qxa7 Nxe4 23. Be3 b5 24. c4 Ra8 25. Qc7 bxc4 26.
Qxe5 c3 27. Rbe2 c2 28. Qb2 Nf6 29. Qxc2 Qxc2 30. Rxc2 Nd5 31. Bc5 Rfb8 32.
Re6 Ra6 33. Rd6 Rb7 34. Kg2 Nf6 35. Bd4 Ne8 36. Rdxc6 1-0

[Event "XV Carlos Torre"]
[Site "Merida MEX"]
[Date "2002.12.14"]
[Round "2"]
[White "Baltazar,R"]
[Black "Georgiev,Vl"]
[Result "0-1"]
[WhiteElo "2278"]
[BlackElo "2501"]
[EventDate "2002.12.13"]

1. e4 d6 2. Nf3 Nf6 3. d3 g6 4. g3 Bg7 5. Bg2 c5 6. Nbd2 Nc6 7. O-O O-O 8.
Re1 Qc7 9. Nf1 Rb8 10. h3 b5 11. g4 b4 12. Ne3 a5 13. Nc4 Nd7 14. Rb1 Ba6
15. Ne3 Rbc8 16. Nd5 Qa7 17. b3 e6 18. Ne3 Nd4 19. Bb2 Bb7 20. Nc4 Qa6 21.
Qd2 d5 22. exd5 exd5 23. Nce5 Nxe5 24. Nxe5 Qd6 25. Nf3 Nxf3+ 26. Bxf3 Bxb2
27. Qd1 Bc3 28. Rf1 Qf4 29. Bg2 Rfe8 30. Qf3 Qxf3 31. Bxf3 0-1

[Event "XV Carlos Torre"]
[Site "Merida MEX"]
[Date "2002.12.14"]
[Round "2"]
[White "Lobron,E"]
[Black "Navarro,R"]
[Result "1/2-1/2"]
[WhiteElo "2500"]
[BlackElo "2289"]
[EventDate "2002.12.13"]

1. e4 e5 2. Nf3 Nf6 3. Nxe5 d6 4. Nf3 Nxe4 5. Nc3 Nxc3 6. dxc3 Nc6 7. Bf4
Bg4 8. Be2 Be7 9. Qd2 Qd7 10. O-O-O a6 11. h3 Be6 12. Kb1 O-O-O 13. Rhe1
Rhe8 14. Ng5 Bxg5 15. Bxg5 f6 16. Be3 Ne7 17. f3 Qc6 18. b3 Nf5 19. Bf2 d5
20. Bf1 Bf7 21. Kb2 Rxe1 22. Rxe1 Re8 23. Rxe8+ Qxe8 24. Qd3 g6 25. g4 Nd6
26. Qd4 Qc6 27. Bd3 Nb5 28. Qb4 Nd6 29. a4 Kb8 30. Bd4 f5 31. g5 Nc8 32.
Be5 Qe6 33. Bf4 Qe7 34. Qd4 Qe8 35. Qg7 Qg8 36. Qf6 Qe8 37. h4 Qg8 38. Kc1
Qe8 39. Kd2 Qg8 40. Qe5 Qd8 41. Qg7 Qg8 42. Qf6 Qe8 43. b4 Be6 44. Qg7 Qd7
45. Qxd7 Bxd7 46. b5 Nb6 47. a5 Nc4+ 48. Bxc4 dxc4 49. b6 Bc6 50. Ke3 Kc8
51. bxc7 Kd7 52. Bd6 Ba4 53. Kd4 Bxc2 54. Ke5 Bd1 55. h5 Bxf3 56. h6 b6 57.
Kf6 Bb7 58. Kg7 Ke6 59. axb6 a5 60. Kf8 Kxd6 61. Kg7 a4 62. Kxh7 a3 63.
Kxg6 a2 64. h7 a1=Q 65. h8=Q Qa6 66. Qd4+ Kc6 67. Kxf5 1/2-1/2

[Event "XV Carlos Torre"]
[Site "Merida MEX"]
[Date "2002.12.14"]
[Round "2"]
[White "Garcia Martinez,S"]
[Black "Pigusov,E"]
[Result "0-1"]
[WhiteElo "2382"]
[BlackElo "2622"]
[EventDate "2002.12.13"]

1. d4 Nf6 2. Nf3 e6 3. c4 d5 4. Nc3 Be7 5. Bg5 h6 6. Bh4 O-O 7. e3 b6 8.
Bd3 Bb7 9. O-O Nbd7 10. Qe2 a6 11. Rfd1 c5 12. cxd5 exd5 13. dxc5 bxc5 14.
Rac1 Re8 15. Bf5 g6 16. Bh3 Nb6 17. Ne5 Nh5 18. Bxe7 Qxe7 19. f4 d4 20. g4
Ng7 21. exd4 cxd4 0-1

[Event "XV Carlos Torre"]
[Site "Merida MEX"]
[Date "2002.12.14"]
[Round "2"]
[White "Ancheyta,T"]
[Black "Ehlvest,J"]
[Result "0-1"]
[WhiteElo "2282"]
[BlackElo "2600"]
[EventDate "2002.12.13"]

1. e4 c5 2. c3 Nf6 3. e5 Nd5 4. d4 cxd4 5. cxd4 e6 6. Nc3 Nxc3 7. bxc3 Qc7
8. Qc2 b6 9. Bd2 Bb7 10. Nf3 d6 11. Bb5+ Nd7 12. Qd3 a6 13. Bxd7+ Qxd7 14.
O-O Qc6 15. Rfe1 Be7 16. c4 d5 17. Rec1 dxc4 18. Rxc4 Qe4 19. Qb1 Qxb1+ 20.
Rxb1 Bd5 21. Ra4 b5 22. Ra5 Kd7 23. Bb4 Be4 24. Rb2 Rhc8 25. h3 Rc1+ 26.
Kh2 Rc2 27. Rxc2 Bxb4 0-1

[Event "XV Carlos Torre"]
[Site "Merida MEX"]
[Date "2002.12.14"]
[Round "2"]
[White "Kogan,Ar"]
[Black "Hernandez,T"]
[Result "1-0"]
[WhiteElo "2529"]
[BlackElo "2250"]
[EventDate "2002.12.13"]

1. e4 c5 2. Nf3 d6 3. Nc3 Nf6 4. g3 g6 5. Bg2 Bg7 6. d3 O-O 7. h3 Nc6 8.
O-O h6 9. Be3 e5 10. Nd2 Be6 11. f4 Qd7 12. f5 gxf5 13. exf5 Bxf5 14. g4
Be6 15. Bxh6 Bxh6 16. Rxf6 Bg7 17. Nde4 Qe7 18. Rf1 Nd4 19. g5 f5 20. gxf6
Bxf6 21. Nd5 Bxd5 22. Nxf6+ Rxf6 23. Qg4+ Kf7 24. Qh5+ Kg8 25. Qg4+ Kh7 26.
Bxd5 Raf8 27. Be4+ Kh8 28. Qh5+ Kg7 29. Rxf6 Rxf6 30. Kh1 Kf8 31. Qh8+ Kf7
32. Bd5+ Ne6 33. Rg1 Qf8 34. Qh7+ Ke8 35. Bxe6 1-0

[Event "XV Carlos Torre"]
[Site "Merida MEX"]
[Date "2002.12.14"]
[Round "2"]
[White "Gongora Montes,B"]
[Black "Nogueiras,J"]
[Result "0-1"]
[WhiteElo "2269"]
[BlackElo "2528"]
[EventDate "2002.12.13"]

1. e3 g6 2. d4 Bg7 3. h4 Nf6 4. c4 c5 5. d5 d6 6. Nc3 e6 7. f3 exd5 8. cxd5
h5 9. Nh3 a6 10. a4 Nbd7 11. e4 Rb8 12. Bf4 Ne5 13. Nf2 O-O 14. Nd3 Nfd7
15. Bg5 Qb6 16. Qc2 Re8 17. Be2 Nxd3+ 18. Bxd3 Ne5 19. Be2 f5 20. a5 Qc7
21. O-O Nf7 22. exf5 Nxg5 23. hxg5 Bxf5 24. Bd3 Rf8 25. Ne4 b5 26. axb6
Rxb6 27. Rxa6 Bxe4 28. fxe4 Rxf1+ 29. Bxf1 Rxb2 30. Ra8+ Kh7 31. Qd1 Qf7
32. Qf3 Bd4+ 33. Kh1 Rf2 34. Qxf7+ Rxf7 35. Bb5 Be5 36. Rd8 Bf4 37. Kg1 Rb7
38. Bd3 Rf7 39. Bb5 Kg7 40. Be8 Re7 41. Rd7 Rxd7 42. Bxd7 c4 43. Bb5 c3 44.
Bd3 Bxg5 45. Kf2 Bf4 46. Kf3 g5 47. Bc2 Be5 48. Ke2 g4 49. Ba4 Kh6 50. Be8
h4 51. Bd7 Kg5 52. Ke3 Bd4+ 53. Kd3 Kf4 0-1

[Event "XV Carlos Torre"]
[Site "Merida MEX"]
[Date "2002.12.14"]
[Round "2"]
[White "Fontaine,A"]
[Black "Arencibia,W"]
[Result "0-1"]
[WhiteElo "2195"]
[BlackElo "2521"]
[EventDate "2002.12.13"]

1. e4 g6 2. d4 Bg7 3. Nc3 c6 4. Nf3 d5 5. h3 Nh6 6. Bd3 O-O 7. O-O f6 8.
Qe2 Nf7 9. Be3 Na6 10. exd5 cxd5 11. Bxa6 bxa6 12. Rfe1 Qd7 13. Rad1 Qc6
14. Nd2 e5 15. Nb3 e4 16. Nc5 f5 17. f4 Nd6 18. b3 Rd8 19. N3a4 Nb5 20. c4
Nc7 21. Nc3 Kh8 22. cxd5 Nxd5 23. Nxd5 Rxd5 24. Qc4 Qd6 25. Rd2 Bf6 26. g3
Rb8 27. Rc1 a5 28. Na4 Ba6 29. Qc7 Rc8 30. Qxc8+ Bxc8 31. Rxc8+ Kg7 32. Rc4
Qd8 33. Nc5 Kf7 34. Nb7 Qb6 35. Nc5 Be7 36. Na4 Qb7 37. Rdc2 Rd7 38. Nc5
Bxc5 39. dxc5 Rd1+ 40. Kf2 Qd5 41. c6 Qd3 42. Re2 Rh1 0-1